| 000 | 00557nam a2200121Ia 4500 | ||
|---|---|---|---|
| 008 | 171212s9999 xx 000 0 und d | ||
| 100 | _aDouglas, Roger | ||
| 245 |
_cDouglas, Roger _aLaw, Liberty, and the Pursuit of Terrorism |
||
| 260 |
_bUniversity of Michigan Press _c2014 |
||
| 650 | _aPolitical Science | ||
| 650 | _aTerrorism; Terrorism -- Prevention -- Law and legislation; National security -- Law and legislation; Civil rights; Government information -- Access control; Detention of persons; Torture | ||
| 856 | _uhttp://jstor.org/stable/j.ctt1gk08gq | ||
| 999 |
_c352997 _d352997 |
||